000 00519nam a22001817a 4500
005 20160729171000.0
010 _aENG-115591
020 _a9789352550296
_c150.00
035 _aEN-99123
037 _bDBAD/PUB
082 _a487
100 _aDas,P.C.
245 _aEuphemism rhetoric and prosody /
_cby P.C. Dass
260 _aNew Delhi
_bNew Central Book Agency
_c2016
270 _a8/1,Chintamoni Das Lane
_bKolkata
_e700009
300 _axiii,222p.
_c24cm(pbk)
942 _2ddc
_cEN
_mDAS
_h487
999 _c101654
_d101654